<?xml version="1.0" encoding="UTF-8"?>
<record
    xmlns:xsi="http://www.w3.org/2001/XMLSchema-instance"
    xsi:schemaLocation="http://www.loc.gov/MARC21/slim http://www.loc.gov/standards/marcxml/schema/MARC21slim.xsd"
    xmlns="http://www.loc.gov/MARC21/slim">

  <leader>00745nam a22001697a 4500</leader>
  <controlfield tag="008">090825s2009    ua||||gr|||| 00| 0 ara d</controlfield>
  <datafield tag="020" ind1=" " ind2=" ">
    <subfield code="a">9772087855</subfield>
  </datafield>
  <datafield tag="082" ind1=" " ind2=" ">
    <subfield code="2">22</subfield>
    <subfield code="a">219.3</subfield>
    <subfield code="b">&#x62A; &#x645; &#x627;</subfield>
  </datafield>
  <datafield tag="100" ind1=" " ind2=" ">
    <subfield code="9">8599</subfield>
    <subfield code="a">&#x62A;&#x645;&#x627;&#x645; , &#x62D;&#x633;&#x627;&#x645;</subfield>
  </datafield>
  <datafield tag="245" ind1=" " ind2=" ">
    <subfield code="a">&#x645;&#x639; &#x627;&#x644;&#x62D;&#x631;&#x643;&#x627;&#x62A; &#x627;&#x644;&#x627;&#x633;&#x644;&#x627;&#x645;&#x64A;&#x629; &#x641;&#x649; &#x627;&#x644;&#x639;&#x627;&#x644;&#x645;:</subfield>
    <subfield code="b">&#x631;&#x645;&#x648;&#x632; &#x648;&#x62A;&#x62C;&#x627;&#x631;&#x628; &#x648;&#x627;&#x641;&#x643;&#x627;&#x631; /</subfield>
    <subfield code="c">&#x62D;&#x633;&#x627;&#x645; &#x62A;&#x645;&#x627;&#x645;</subfield>
  </datafield>
  <datafield tag="250" ind1=" " ind2=" ">
    <subfield code="a">&#x637;1</subfield>
  </datafield>
  <datafield tag="260" ind1=" " ind2=" ">
    <subfield code="a">&#x627;&#x644;&#x642;&#x627;&#x647;&#x631;&#x629;:</subfield>
    <subfield code="b">&#x645;&#x643;&#x62A;&#x628;&#x629; &#x645;&#x62F;&#x628;&#x648;&#x644;&#x649;&#x61B;</subfield>
    <subfield code="c">2009</subfield>
  </datafield>
  <datafield tag="300" ind1=" " ind2=" ">
    <subfield code="a">235&#x61B;&#x635;</subfield>
    <subfield code="c">24 &#x633;&#x645;</subfield>
  </datafield>
  <datafield tag="650" ind1=" " ind2=" ">
    <subfield code="9">8602</subfield>
    <subfield code="a">&#x627;&#x644;&#x627;&#x633;&#x644;&#x627;&#x645; &#x648;&#x627;&#x644;&#x627;&#x635;&#x644;&#x627;&#x62D; &#x627;&#x644;&#x633;&#x64A;&#x627;&#x633;&#x649;</subfield>
  </datafield>
  <datafield tag="942" ind1=" " ind2=" ">
    <subfield code="2">ddc</subfield>
    <subfield code="c">BB</subfield>
  </datafield>
  <datafield tag="999" ind1=" " ind2=" ">
    <subfield code="c">12684</subfield>
    <subfield code="d">12684</subfield>
  </datafield>
  <datafield tag="952" ind1=" " ind2=" ">
    <subfield code="0">0</subfield>
    <subfield code="1">0</subfield>
    <subfield code="2">ddc</subfield>
    <subfield code="4">0</subfield>
    <subfield code="7">0</subfield>
    <subfield code="8">Madboly</subfield>
    <subfield code="a">MAIN</subfield>
    <subfield code="b">MAIN</subfield>
    <subfield code="c">LOW</subfield>
    <subfield code="d">2009-08-25</subfield>
    <subfield code="e">purchase</subfield>
    <subfield code="g">25.00</subfield>
    <subfield code="h">2358</subfield>
    <subfield code="o">219.3 &#x62A;&#x645;&#x627;</subfield>
    <subfield code="p">000018033</subfield>
    <subfield code="r">2025-07-15 00:00:00</subfield>
    <subfield code="y">BB</subfield>
  </datafield>
</record>
